[Event "CZE-chT2C 2223"]
[Site "Czech Republic"]
[Date "2023.02.05"]
[Round "8.3"]
[White "Danes, Jaroslav"]
[Black "Lochman, Vaclav"]
[Result "1/2-1/2"]
[WhiteElo "2185"]
[BlackElo "2022"]
[PlyCount "55"]
[EventDate "2022.10.16"]
[EventType "team-tourn"]
[EventRounds "11"]
[EventCountry "CZE"]
[SourceTitle "EXT 2024"]
[Source "ChessBase"]
[SourceDate "2023.10.10"]
[SourceVersion "1"]
[SourceVersionDate "2023.10.10"]
[SourceQuality "1"]
[WhiteTeam "Kutna Hora"]
[BlackTeam "Mlada Boleslav"]
[WhiteTeamCountry "CZE"]
[BlackTeamCountry "CZE"]

1. e4 c6 2. d3 d5 3. Nd2 e6 4. Ngf3 Nf6 5. g3 Be7 6. Bg2 0-0 7. 0-0 c5 8. e5 Nfd7 9. Re1 Nc6 10. c3 Qc7 11. Qe2 b5 12. Nf1 Bb7 13. Bf4 a5 14. h4 a4 15. N1h2 b4 16. c4 Na5 17. Rac1 dxc4 18. dxc4 b3 19. a3 Rfd8 20. Ng5 Nb6 21. Bxb7 Qxb7 22. Qh5 Bxg5 23. hxg5 Naxc4 24. Qe2 Na5 25. Rxc5 Rd5 26. Rec1 Rxc5 27. Rxc5 Nd5 28. Bd2 1/2-1/2

[Event "CZE-chT2C 1920"]
[Site "Czech Republic"]
[Date "2020.02.09"]
[Round "8.3"]
[White "Skypala, Ondrej"]
[Black "Danes, Jaroslav"]
[Result "0-1"]
[WhiteElo "2016"]
[BlackElo "2216"]
[PlyCount "98"]
[EventDate "2019.10.13"]
[EventType "team-tourn"]
[EventRounds "11"]
[EventCountry "CZE"]
[SourceTitle "EXT 2024"]
[Source "ChessBase"]
[SourceDate "2023.10.10"]
[SourceVersion "1"]
[SourceVersionDate "2023.10.10"]
[SourceQuality "1"]
[WhiteTeam "Kobylisy II"]
[BlackTeam "Kutna Hora"]
[WhiteTeamCountry "CZE"]
[BlackTeamCountry "CZE"]

1. c4 c5 2. Nc3 Nc6 3. g3 g6 4. Bg2 Bg7 5. Nf3 e5 6. 0-0 Nge7 7. d3 d6 8. Rb1 0-0 9. Bd2 h6 10. Ne1 Be6 11. Nd5 Rb8 12. Nc2 b5 13. b3 f5 14. Nce3 b4 15. f4 Qd7 16. Kh1 Rbe8 17. Nxe7+ Nxe7 18. Nd5 a5 19. e3 Bf7 20. e4 Nxd5 21. exd5 exf4 22. Bxf4 Kh7 23. Qc2 g5 24. Bd2 Bg6 25. Rbe1 Rxe1 26. Rxe1 Re8 27. Qd1 Re5 28. Re3 Qe7 29. Qe2 Rxe3 30. Qxe3 Qxe3 31. Bxe3 f4 32. gxf4 Bxd3 33. fxg5 Be5 34. h4 Bb1 35. h5 hxg5 36. Bxg5 Bxa2 37. Be4+ Kh8 38. Bc2 a4 39. bxa4 b3 40. Bd3 b2 41. a5 Bxc4 42. Bb1 Bxd5+ 43. Kg1 Bb7 44. Be7 c4 45. Kf2 d5 46. h6 d4 47. Bb4 Bf6 48. Ke2 Ba6 49. Kd1 d3 0-1

[Event "CZE-chT2C 1920"]
[Site "Czech Republic"]
[Date "2020.01.12"]
[Round "6.3"]
[White "Hora, Milan"]
[Black "Danes, Jaroslav"]
[Result "0-1"]
[WhiteElo "2157"]
[BlackElo "2216"]
[PlyCount "88"]
[EventDate "2019.10.13"]
[EventType "team-tourn"]
[EventRounds "11"]
[EventCountry "CZE"]
[SourceTitle "EXT 2024"]
[Source "ChessBase"]
[SourceDate "2023.10.10"]
[SourceVersion "1"]
[SourceVersionDate "2023.10.10"]
[SourceQuality "1"]
[WhiteTeam "Kolin"]
[BlackTeam "Kutna Hora"]
[WhiteTeamCountry "CZE"]
[BlackTeamCountry "CZE"]

1. d4 c5 2. d5 d6 3. c4 Nf6 4. Nc3 g6 5. e4 Bg7 6. Be2 Nbd7 7. Nf3 a6 8. a4 Rb8 9. 0-0 0-0 10. h3 Re8 11. Bf4 h6 12. Re1 g5 13. Bh2 Nh7 14. Bd3 Ne5 15. Nxe5 Bxe5 16. Bxe5 dxe5 17. Be2 Nf6 18. Ra3 Qd6 19. Bg4 Bxg4 20. hxg4 Qd7 21. f3 Kg7 22. Qd2 Kg6 23. Kf2 Rh8 24. Rh1 Rh7 25. Ne2 h5 26. gxh5+ Rxh5 27. Rxh5 Nxh5 28. g4 Nf4 29. Nxf4+ gxf4 30. Qc3 f6 31. Kg2 b5 32. cxb5 axb5 33. Qxc5 bxa4 34. Ra2 Rc8 35. Qf2 Rc1 36. Qh4 Qb5 37. Qf2 Qb3 38. Ra3 Qd1 39. Kh3 Rc2 40. Ra1 Qxa1 41. Qxc2 Qh1+ 42. Qh2 Qxf3+ 43. Kh4 Qxe4 44. Qg1 Qe3 0-1

[Event "CZE-chT2C 1920"]
[Site "Czech Republic"]
[Date "2019.10.13"]
[Round "1.3"]
[White "Kucera, Petr3333"]
[Black "Danes, Jaroslav"]
[Result "1-0"]
[WhiteElo "2176"]
[BlackElo "2216"]
[PlyCount "67"]
[EventDate "2019.10.13"]
[EventType "team-tourn"]
[EventRounds "11"]
[EventCountry "CZE"]
[SourceTitle "EXT 2024"]
[Source "ChessBase"]
[SourceDate "2023.10.10"]
[SourceVersion "1"]
[SourceVersionDate "2023.10.10"]
[SourceQuality "1"]
[WhiteTeam "Liberec Desko"]
[BlackTeam "Kutna Hora"]
[WhiteTeamCountry "CZE"]
[BlackTeamCountry "CZE"]

1. d4 Nf6 2. Bg5 Ne4 3. Bf4 d6 4. f3 Nf6 5. e4 g6 6. Qd2 Nbd7 7. Nc3 e5 8. dxe5 dxe5 9. Bg5 Bg7 10. 0-0-0 c6 11. h4 Qe7 12. Be3 b6 13. g4 Bb7 14. h5 0-0-0 15. h6 Bf8 16. Bg5 Qe8 17. Bc4 Be7 18. Nh3 Nc5 19. Qe3 Nfd7 20. Bxe7 Qxe7 21. Ng5 Rdf8 22. b4 Ne6 23. Nxe6 fxe6 24. Rd3 Kb8 25. a3 a5 26. Rhd1 Rd8 27. Qd2 Kc7 28. Rd6 axb4 29. axb4 Bc8 30. Rxe6 Qxb4 31. Nb5+ cxb5 32. Qxb4 bxc4 33. Rxd7+ Bxd7 34. Qxb6+ 1-0

[Event "Landesliga Nord 1819"]
[Site "Bayern"]
[Date "2018.11.11"]
[Round "2.2"]
[White "Danes, Jaroslav"]
[Black "Barth, Norbert"]
[Result "0-1"]
[WhiteElo "2239"]
[BlackElo "2256"]
[PlyCount "66"]
[EventDate "2018.10.21"]
[EventType "team-tourn"]
[EventRounds "9"]
[EventCountry "GER"]
[SourceTitle "EXT 2022"]
[Source "ChessBase"]
[SourceDate "2021.10.06"]
[SourceVersion "1"]
[SourceVersionDate "2021.10.06"]
[SourceQuality "1"]
[WhiteTeam "Bamberg SC"]
[BlackTeam "Schwandorf"]
[WhiteTeamCountry "GER"]
[BlackTeamCountry "GER"]

1. d4 e6 2. Nf3 c5 3. e4 cxd4 4. Nxd4 Nf6 5. Nc3 Nc6 6. Ndb5 Bb4 7. a3 Bxc3+ 8. Nxc3 d5 9. exd5 exd5 10. Bd3 0-0 11. 0-0 d4 12. Ne2 Bg4 13. Bg5 h6 14. Bh4 Re8 15. Re1 Bxe2 16. Rxe2 g5 17. Bg3 Qb6 18. h4 Rxe2 19. Qxe2 Re8 20. Qf3 Ne5 21. Bxe5 Rxe5 22. hxg5 hxg5 23. b4 Kg7 24. Kf1 Qc7 25. Rd1 b6 26. Qg3 Qe7 27. f4 Nh5 28. Qf2 gxf4 29. Qxd4 Qf6 30. Bc4 f3 31. c3 b5 32. Bd5 fxg2+ 33. Kxg2 Nf4+ 0-1

[Event "CZE-chT2C 1718"]
[Site "Czech Republic"]
[Date "2018.02.25"]
[Round "9.3"]
[White "Danes, Jaroslav"]
[Black "Bartos, Jan"]
[Result "1/2-1/2"]
[WhiteElo "2247"]
[BlackElo "2227"]
[PlyCount "87"]
[EventDate "2017.10.15"]
[EventType "team-tourn"]
[EventRounds "11"]
[EventCountry "CZE"]
[SourceTitle "EXT 2022"]
[Source "ChessBase"]
[SourceDate "2021.10.06"]
[SourceVersion "1"]
[SourceVersionDate "2021.10.06"]
[SourceQuality "1"]
[WhiteTeam "Kutna Hora"]
[BlackTeam "Unichess Vyletna"]
[WhiteTeamCountry "CZE"]
[BlackTeamCountry "CZE"]

1. e4 e5 2. Nf3 Nc6 3. Bb5 g6 4. d4 exd4 5. Nxd4 Bg7 6. Be3 Nf6 7. Nc3 0-0 8. 0-0 Ne7 9. Bg5 h6 10. Bh4 g5 11. Bg3 d5 12. e5 Nd7 13. e6 Nc5 14. exf7+ Rxf7 15. Re1 c6 16. Be2 Nf5 17. Nxf5 Bxf5 18. Bh5 Re7 19. Qd2 Ne4 20. Nxe4 Rxe4 21. c3 Qb6 22. Bf3 Ree8 23. h4 Bf6 24. hxg5 hxg5 25. Bh5 Re4 26. Bf3 Ree8 27. Be2 Kg7 28. b3 Qc5 29. Rac1 Rad8 30. Bf1 Rxe1 31. Qxe1 Bg6 32. Be5 Qe7 33. Bxf6+ Qxf6 34. Qe3 b6 35. Qd4 c5 36. Qxf6+ Kxf6 37. Rd1 d4 38. cxd4 Rxd4 39. Rxd4 cxd4 40. Bc4 a5 41. Kf1 Ke5 42. Ke2 Be4 43. f3 Bc6 44. a4 1/2-1/2

[Event "CZE-chT2C 1718"]
[Site "Czech Republic"]
[Date "2017.11.19"]
[Round "3.2"]
[White "Vokoun, Jan"]
[Black "Danes, Jaroslav"]
[Result "1-0"]
[WhiteElo "2172"]
[BlackElo "2247"]
[PlyCount "63"]
[EventDate "2017.10.15"]
[EventType "team-tourn"]
[EventRounds "11"]
[EventCountry "CZE"]
[SourceTitle "EXT 2022"]
[Source "ChessBase"]
[SourceDate "2021.10.06"]
[SourceVersion "1"]
[SourceVersionDate "2021.10.06"]
[SourceQuality "1"]
[WhiteTeam "Pankrac II"]
[BlackTeam "Kutna Hora"]
[WhiteTeamCountry "CZE"]
[BlackTeamCountry "CZE"]

1. d4 g6 2. c3 Bg7 3. Bf4 d6 4. Nf3 Nd7 5. e4 e5 6. Be3 Ngf6 7. Nbd2 0-0 8. dxe5 dxe5 9. Qc2 Ng4 10. Bg5 f6 11. Bh4 Qe8 12. h3 Nh6 13. Nc4 Nb6 14. Nfd2 Be6 15. f3 Nf7 16. a4 f5 17. a5 Nxc4 18. Bxc4 Nd6 19. Bxe6+ Qxe6 20. 0-0 Bh6 21. Rfe1 Bxd2 22. Qxd2 fxe4 23. fxe4 Rf4 24. Bg3 Nxe4 25. Qe3 Nxg3 26. Qxf4 exf4 27. Rxe6 Nf5 28. Rd1 Rf8 29. Rd7 Rf7 30. Re8+ Kg7 31. Rxf7+ Kxf7 32. Rc8 1-0

[Event "Marianske Lazne IM-B2 16th"]
[Site "Marianske Lazne"]
[Date "2017.01.25"]
[Round "6"]
[White "Danes, Jaroslav"]
[Black "Bartos, Jan"]
[Result "1-0"]
[WhiteElo "2269"]
[BlackElo "2170"]
[PlyCount "215"]
[EventDate "2017.01.21"]
[EventType "tourn"]
[EventRounds "9"]
[EventCountry "CZE"]
[EventCategory "1"]
[SourceTitle "CBM 176 Extra"]
[Source "ChessBase"]
[SourceDate "2017.03.02"]
[SourceVersion "1"]
[SourceVersionDate "2017.03.02"]
[SourceQuality "1"]

1. e4 e5 2. Bc4 Nf6 3. d3 Nc6 4. Nc3 Na5 5. Be3 Nxc4 6. dxc4 d6 7. f3 Be6 8. Qd3 Nd7 9. 0-0-0 c6 10. h4 Be7 11. Nh3 h6 12. Kb1 Qc7 13. Nf2 0-0-0 14. Qe2 Kb8 15. g4 Nf8 16. h5 Nh7 17. b3 Bg5 18. Rd3 Bxe3 19. Qxe3 Qb6 20. Rhd1 Qxe3 21. Rxe3 Ng5 22. Red3 Kc7 23. Ne2 Rhe8 24. Ng3 g6 25. Rh1 Rh8 26. Re3 b6 27. Nd3 Bc8 28. Kb2 Rde8 29. a4 a5 30. Kc3 Bd7 31. Kd2 Ne6 32. hxg6 fxg6 33. Re2 Nd4 34. Rf2 Ref8 35. Ke3 Rf7 36. Ne1 Rfh7 37. Rfh2 Ne6 38. Nd3 Ng7 39. f4 Bxg4 40. fxe5 Ne6 41. exd6+ Kxd6 42. Nf2 Bh5 43. Nxh5 gxh5 44. Rxh5 Ng7 45. c5+ Ke6 46. R5h2 bxc5 47. Nd3 Kd6 48. e5+ Kc7 49. Nxc5 Nf5+ 50. Kd2 Re8 51. Nd3 Nd4 52. Rf1 h5 53. Rh4 Ne6 54. Kc1 c5 55. Rf5 Reh8 56. Rf6 Rh6 57. Kb2 Rxf6 58. exf6 Kd6 59. Kc3 Rf8 60. Nb2 Rxf6 61. Nc4+ Kc7 62. Rxh5 Rf3+ 63. Kb2 Rf2 64. Re5 Kd7 65. Nxa5 Nf4 66. Re3 Ne6 67. Nc4 Nd4 68. Na3 Kc6 69. Re5 Rh2 70. Rg5 Rf2 71. Rh5 Rg2 72. Rh6+ Kb7 73. Rf6 Rh2 74. Rg6 Rf2 75. Rh6 Rg2 76. a5 Rf2 77. Rb6+ Kc7 78. Nb5+ Nxb5 79. Rxb5 Kc6 80. Rb6+ Kc7 81. Rh6 Kb7 82. Kc3 Rf4 83. a6+ Ka7 84. Rc6 Rh4 85. Rxc5 Kxa6 86. Rc4 Rh3+ 87. Kb4 Kb6 88. Rg4 Rh6 89. c4 Kc6 90. Rg5 Rf6 91. Ra5 Kb6 92. c5+ Kb7 93. Kb5 Rf5 94. b4 Rh5 95. Ra6 Rg5 96. Rh6 Rg7 97. Rb6+ Ka7 98. Ra6+ Kb7 99. c6+ Kb8 100. Ra4 Rh7 101. Kb6 Rb7+ 102. Kc5 Rh7 103. b5 Rh5+ 104. Kb6 Rh6 105. Rg4 Rh8 106. Rg7 Ka8 107. Ra7+ Kb8 108. c7+ 1-0

[Event "Marianske Lazne IM-B2 16th"]
[Site "Marianske Lazne"]
[Date "2017.01.22"]
[Round "2"]
[White "Kiolbasa, Oliwia"]
[Black "Danes, Jaroslav"]
[Result "1/2-1/2"]
[WhiteElo "2173"]
[BlackElo "2269"]
[PlyCount "100"]
[EventDate "2017.01.21"]
[EventType "tourn"]
[EventRounds "9"]
[EventCountry "CZE"]
[EventCategory "1"]
[SourceTitle "CBM 176 Extra"]
[Source "ChessBase"]
[SourceDate "2017.03.02"]
[SourceVersion "1"]
[SourceVersionDate "2017.03.02"]
[SourceQuality "1"]

1. e4 Nf6 2. e5 Nd5 3. d4 d6 4. Nf3 g6 5. Bc4 c6 6. 0-0 Bg7 7. h3 0-0 8. Qe2 Nc7 9. a4 Be6 10. Re1 Nba6 11. Nbd2 Bxc4 12. Nxc4 d5 13. Ne3 Ne6 14. c3 Qd7 15. b4 Nac7 16. a5 b6 17. Kh2 c5 18. Nc2 cxb4 19. Nxb4 Nb5 20. Bb2 Rac8 21. axb6 axb6 22. Rec1 Rc4 23. Nd2 Nbxd4 24. Qe1 Nb3 25. Nxc4 dxc4 26. Rd1 Qc7 27. Ra2 Bxe5+ 28. Kh1 Bd6 29. Nd5 Qb7 30. Qe4 Nec5 31. Qxc4 b5 32. Qh4 Na4 33. c4 Nbc5 34. Qd4 Nxb2 35. Rxb2 Ne6 36. Qe4 Qb8 37. cxb5 Re8 38. Re1 Bc5 39. b6 Qd6 40. Rd1 Kg7 41. Qa4 Qe5 42. Qxe8 Qxb2 43. Qc6 Bxf2 44. b7 Nd8 45. Qc3+ Qxc3 46. Nxc3 Nxb7 47. Rd7 Nc5 48. Rxe7 Bh4 49. Rc7 Ne6 50. Rc4 Bf6 1/2-1/2

[Event "Marianske Lazne IM-B2 16th"]
[Site "Marianske Lazne"]
[Date "2017.01.21"]
[Round "1"]
[White "Danes, Jaroslav"]
[Black "Paramzina, Anastasya"]
[Result "0-1"]
[WhiteElo "2269"]
[BlackElo "2221"]
[PlyCount "40"]
[EventDate "2017.01.21"]
[EventType "tourn"]
[EventRounds "9"]
[EventCountry "CZE"]
[EventCategory "1"]
[SourceTitle "CBM 176 Extra"]
[Source "ChessBase"]
[SourceDate "2017.03.02"]
[SourceVersion "1"]
[SourceVersionDate "2017.03.02"]
[SourceQuality "1"]

1. d4 Nf6 2. Bf4 e6 3. e3 Be7 4. Nd2 0-0 5. c3 c5 6. Ngf3 Nh5 7. Bxb8 Rxb8 8. Bd3 f5 9. h3 g6 10. g4 Ng7 11. gxf5 Nxf5 12. Rg1 b5 13. Ne5 Bh4 14. Ndf3 cxd4 15. cxd4 Bb7 16. Nxh4 Nxh4 17. Qg4 Nf3+ 18. Nxf3 Bxf3 19. Qg5 Qa5+ 20. Kf1 Qd2 0-1

[Event "CZE-chT2C 1617"]
[Site "Czech Republic"]
[Date "2017.01.15"]
[Round "6.1"]
[White "Danes, Jaroslav"]
[Black "Illetsko, Jaroslav"]
[Result "1-0"]
[WhiteElo "2247"]
[BlackElo "2215"]
[PlyCount "71"]
[EventDate "2016.10.09"]
[EventType "team-tourn"]
[EventRounds "11"]
[EventCountry "CZE"]
[SourceTitle "EXT 2022"]
[Source "ChessBase"]
[SourceDate "2021.10.06"]
[SourceVersion "1"]
[SourceVersionDate "2021.10.06"]
[SourceQuality "1"]
[WhiteTeam "Kutna Hora"]
[BlackTeam "Vysehrad III"]
[WhiteTeamCountry "CZE"]
[BlackTeamCountry "CZE"]

1. d4 Nf6 2. c4 g6 3. Nc3 Bg7 4. e4 d6 5. f3 0-0 6. Be3 c5 7. Nge2 Nc6 8. d5 Ne5 9. Ng3 e6 10. Be2 exd5 11. cxd5 a6 12. a4 Bd7 13. 0-0 b5 14. h3 Nc4 15. Bxc4 bxc4 16. Qe2 Rb8 17. Ra2 Ne8 18. Qxc4 Nc7 19. f4 Re8 20. Qd3 a5 21. Qd2 Bc8 22. Rf3 Ba6 23. Kh2 Bc4 24. Ra1 Na6 25. e5 dxe5 26. fxe5 Bxe5 27. Bf4 f5 28. Bxe5 Rxe5 29. Qf4 Qf6 30. Qxc4 Rb4 31. Qf1 c4 32. Rd1 Nc5 33. d6 Re8 34. d7 Rd8 35. Nd5 Qxb2 36. Nxb4 1-0

[Event "CZE-chT2C 1516"]
[Site "Czech Republic"]
[Date "2015.11.08"]
[Round "2.3"]
[White "Hruby, Milan"]
[Black "Danes, Jaroslav"]
[Result "0-1"]
[WhiteElo "2099"]
[BlackElo "2245"]
[PlyCount "78"]
[EventDate "2015.10.18"]
[EventType "team-tourn"]
[EventRounds "11"]
[EventCountry "CZE"]
[SourceTitle "EXT 2022"]
[Source "ChessBase"]
[SourceDate "2021.10.06"]
[SourceVersion "1"]
[SourceVersionDate "2021.10.06"]
[SourceQuality "1"]
[WhiteTeam "Tabor"]
[BlackTeam "Kutna Hora"]
[WhiteTeamCountry "CZE"]
[BlackTeamCountry "CZE"]

1. d4 d5 2. c4 dxc4 3. e4 b5 4. Nc3 c6 5. Nf3 e6 6. Be2 Nf6 7. Bg5 Qb6 8. 0-0 Nbd7 9. Qc2 Bb7 10. a4 a6 11. Rfd1 Bb4 12. e5 Nd5 13. Ne4 h6 14. Bd2 Be7 15. b3 cxb3 16. Qxb3 0-0 17. Bd3 b4 18. a5 Qa7 19. Bc2 c5 20. Qd3 f5 21. exf6 N5xf6 22. Nxf6+ Nxf6 23. Qg6 Bxf3 24. Bxh6 Rf7 25. gxf3 c4 26. d5 exd5 27. Bf5 Kf8 28. Be6 Bc5 29. Bf4 Re8 30. Qf5 c3 31. Qh3 d4 32. Qh8+ Ng8 33. Bxf7 Qxf7 34. Qh4 b3 35. Re1 b2 36. Rab1 Rxe1+ 37. Rxe1 Be7 38. Qg4 Nf6 39. Qc8+ Ne8 0-1

[Event "CZE-chT2C 1415"]
[Site "Czech Republic"]
[Date "2015.03.29"]
[Round "10.3"]
[White "Smid, Miroslav"]
[Black "Danes, Jaroslav"]
[Result "1/2-1/2"]
[WhiteElo "2235"]
[BlackElo "2223"]
[PlyCount "41"]
[EventDate "2014.11.02"]
[EventType "team-tourn"]
[EventRounds "11"]
[EventCountry "CZE"]
[SourceTitle "EXT 2022"]
[Source "ChessBase"]
[SourceDate "2021.10.06"]
[SourceVersion "1"]
[SourceVersionDate "2021.10.06"]
[SourceQuality "1"]
[WhiteTeam "Praha Bohemians II"]
[BlackTeam "Kutna Hora"]
[WhiteTeamCountry "CZE"]
[BlackTeamCountry "CZE"]

1. e4 c5 2. Nf3 a6 3. c4 d6 4. d4 Bg4 5. Be2 Nc6 6. d5 Bxf3 7. Bxf3 Nd4 8. Be3 Nxf3+ 9. Qxf3 g6 10. 0-0 Bg7 11. Nc3 Nf6 12. Qe2 Nd7 13. Qd2 Qa5 14. Rfc1 0-0 15. Bh6 b5 16. Bxg7 Kxg7 17. Qe2 bxc4 18. Nd1 Rab8 19. Ne3 Qb5 20. Nxc4 a5 21. Qd2 1/2-1/2

[Event "CZE-chT2C 1415"]
[Site "Czech Republic"]
[Date "2014.11.30"]
[Round "3.2"]
[White "Danes, Jaroslav"]
[Black "Bednar, Marcel"]
[Result "1/2-1/2"]
[WhiteElo "2223"]
[BlackElo "2296"]
[PlyCount "120"]
[EventDate "2014.11.02"]
[EventType "team-tourn"]
[EventRounds "11"]
[EventCountry "CZE"]
[SourceTitle "EXT 2022"]
[Source "ChessBase"]
[SourceDate "2021.10.06"]
[SourceVersion "1"]
[SourceVersionDate "2021.10.06"]
[SourceQuality "1"]
[WhiteTeam "Kutna Hora"]
[BlackTeam "Lysa nad Labem III"]
[WhiteTeamCountry "CZE"]
[BlackTeamCountry "CZE"]

1. e4 c5 2. Nf3 d6 3. d4 cxd4 4. Nxd4 Nf6 5. Nc3 a6 6. h3 e6 7. g4 d5 8. exd5 Nxd5 9. Bg2 Nxc3 10. bxc3 Qc7 11. 0-0 Bd6 12. Rb1 0-0 13. Be3 Rd8 14. Qe1 Nd7 15. f4 Nc5 16. f5 Bg3 17. Bf2 Bxf2+ 18. Qxf2 e5 19. Nc6 bxc6 20. Qxc5 Bd7 21. Qb6 Qxb6+ 22. Rxb6 Kf8 23. c4 Be8 24. c5 Rd2 25. Rf2 Rad8 26. Rxa6 Rxf2 27. Kxf2 Rd2+ 28. Kg3 Rxc2 29. Bxc6 Rxc5 30. Bxe8 Rc3+ 31. Kg2 Kxe8 32. Ra7 h6 33. a4 Rd3 34. a5 Rd7 35. Ra8+ Ke7 36. a6 Rd2+ 37. Kf3 Ra2 38. a7 Kf6 39. Kg3 Ra3+ 40. Kh4 e4 41. Re8 g5+ 42. fxg6 fxg6 43. g5+ hxg5+ 44. Kg4 Rxa7 45. Rxe4 Ra5 46. Rb4 Kg7 47. Rb7+ Kh6 48. Rb4 Ra1 49. Rb8 Ra4+ 50. Kg3 Ra3+ 51. Kg4 Ra4+ 52. Kg3 g4 53. hxg4 Ra3+ 54. Kf4 Ra4+ 55. Kg3 Ra3+ 56. Kf4 g5+ 57. Ke4 Ra4+ 58. Kf3 Ra3+ 59. Ke4 Ra4+ 60. Kf3 Ra3+ 1/2-1/2

[Event "CZE-chT2C 1314"]
[Site "Czech Republic"]
[Date "2013.12.15"]
[Round "4.3"]
[White "Danes, Jaroslav"]
[Black "Lacha, Josef"]
[Result "1-0"]
[WhiteElo "2237"]
[BlackElo "2002"]
[PlyCount "79"]
[EventDate "2013.11.03"]
[EventType "team-tourn"]
[EventRounds "11"]
[EventCountry "CZE"]
[SourceTitle "EXT 2015"]
[Source "ChessBase"]
[SourceDate "2014.11.20"]
[SourceVersion "1"]
[SourceVersionDate "2014.11.20"]
[SourceQuality "1"]
[WhiteTeam "Kutna Hora"]
[BlackTeam "Postovni sporitelna III"]
[WhiteTeamCountry "CZE"]
[BlackTeamCountry "CZE"]

1. d4 Nf6 2. Bg5 d5 3. Nd2 e6 4. Ngf3 Be7 5. e3 0-0 6. Bd3 Nh5 7. Bxe7 Qxe7 8. Qe2 f5 9. 0-0-0 Nf6 10. h3 c5 11. c3 c4 12. Bc2 b5 13. Ne5 a5 14. g4 b4 15. Nb1 g6 16. gxf5 gxf5 17. Rdg1+ Kh8 18. f4 Nbd7 19. Rg5 Ba6 20. Qe1 Nxe5 21. dxe5 Ne4 22. Bxe4 fxe4 23. Rhg1 Rg8 24. Qh4 Qf7 25. Qh6 Raf8 26. f5 Bc8 27. f6 Rxg5 28. Rxg5 Rg8 29. h4 Bd7 30. cxb4 axb4 31. a3 bxa3 32. bxa3 Be8 33. Nc3 Rxg5 34. Qxg5 Qg6 35. a4 Kg8 36. Qxg6+ Bxg6 37. a5 Be8 38. a6 Kf7 39. a7 Bc6 40. Ne2 1-0

[Event "CZE-chT rap"]
[Site "Pardubice"]
[Date "2013.07.13"]
[Round "4.5"]
[White "Danes, Jaroslav"]
[Black "Sykora, Ondrej"]
[Result "0-1"]
[WhiteElo "2253"]
[BlackElo "2117"]
[PlyCount "86"]
[EventDate "2013.07.11"]
[EventType "team-swiss"]
[EventRounds "7"]
[EventCountry "CZE"]
[SourceTitle "CBM 155 Extra"]
[Source "ChessBase"]
[SourceDate "2013.08.26"]
[SourceVersion "1"]
[SourceVersionDate "2013.08.26"]
[SourceQuality "1"]

1. d4 d5 2. Nf3 Bg4 3. c4 Nc6 4. cxd5 Bxf3 5. gxf3 Qxd5 6. e3 e5 7. Nc3 Qd6 8. d5 Nd8 9. Nb5 Qb6 10. Qa4 c6 11. Bd2 a6 12. Nc3 Nf6 13. Be2 Be7 14. Rg1 Kf8 15. e4 cxd5 16. exd5 Qxb2 17. Rb1 Qa3 18. Qh4 Qd6 19. Qg5 Rg8 20. Qf5 g6 21. Bh6+ Ke8 22. Qd3 Nd7 23. Ne4 Qa3 24. Rb3 Qxa2 25. d6 Bf8 26. Bd2 Qa1+ 27. Rb1 Qd4 28. Qb3 b5 29. Be3 Qa4 30. Qd5 Rc8 31. f4 exf4 32. Bxf4 f5 33. Ng5 Qxf4 34. Qxg8 Rc1+ 35. Rxc1 Qxc1+ 36. Bd1 Qc3+ 37. Kf1 Nf6 38. Qa2 Qc6 39. Bf3 Qc1+ 40. Ke2 Qxg1 41. Bc6+ Nd7 42. Nf3 Qg4 43. Bxd7+ Kxd7 0-1

[Event "CZE-chT2C 1213"]
[Site "Czech Republic"]
[Date "2013.02.17"]
[Round "9.3"]
[White "Danes, Jaroslav"]
[Black "Tichy, Vladimir"]
[Result "1-0"]
[WhiteElo "2250"]
[BlackElo "2237"]
[PlyCount "63"]
[EventDate "2012.10.14"]
[EventType "team-tourn"]
[EventRounds "11"]
[EventCountry "CZE"]
[SourceTitle "EXT 2015"]
[Source "ChessBase"]
[SourceDate "2014.11.20"]
[SourceVersion "1"]
[SourceVersionDate "2014.11.20"]
[SourceQuality "1"]
[WhiteTeam "Kutna Hora"]
[BlackTeam "Vysehrad II"]
[WhiteTeamCountry "CZE"]
[BlackTeamCountry "CZE"]

1. d4 Nf6 2. Nf3 c5 3. d5 b5 4. Bg5 Qb6 5. d6 Qxd6 6. Qxd6 exd6 7. Bxf6 gxf6 8. Nc3 a6 9. Nd5 Kd8 10. e3 Bb7 11. 0-0-0 Bxd5 12. Rxd5 Nc6 13. Be2 Ne5 14. Nh4 Ng6 15. Nf5 Kc7 16. Rhd1 Ne7 17. Rxd6 Nxf5 18. Rxd7+ Kb6 19. Rxf7 Nd6 20. Rxf6 Rd8 21. Rd5 Be7 22. Re6 Rhe8 23. Bh5 Rf8 24. Rxe7 Rxf2 25. Bf3 c4 26. Rxh7 b4 27. Rh6 Kc7 28. Rd1 c3 29. bxc3 bxc3 30. Rh5 Nf7 31. Rc5+ Kb6 32. Rxc3 1-0

[Event "CZE-chT2C 1213"]
[Site "Czech Republic"]
[Date "2012.11.04"]
[Round "2.3"]
[White "Danes, Jaroslav"]
[Black "Cerny, Martin"]
[Result "1-0"]
[WhiteElo "2250"]
[BlackElo "2178"]
[PlyCount "167"]
[EventDate "2012.10.14"]
[EventType "team-tourn"]
[EventRounds "11"]
[EventCountry "CZE"]
[SourceTitle "EXT 2015"]
[Source "ChessBase"]
[SourceDate "2014.11.20"]
[SourceVersion "1"]
[SourceVersionDate "2014.11.20"]
[SourceQuality "1"]
[WhiteTeam "Kutna Hora"]
[BlackTeam "Ricany"]
[WhiteTeamCountry "CZE"]
[BlackTeamCountry "CZE"]

1. e4 c5 2. Nc3 e6 3. Nge2 Nc6 4. d4 cxd4 5. Nxd4 Qc7 6. Be3 a6 7. Qd2 b5 8. f3 Bb7 9. 0-0-0 Nf6 10. g4 h6 11. h4 Rc8 12. Bd3 Nxd4 13. Bxd4 e5 14. Bf2 Bb4 15. g5 Nh5 16. Be1 Nf4 17. Rg1 hxg5 18. Rxg5 g6 19. Kb1 Rd8 20. Nxb5 axb5 21. Qxb4 Ne6 22. Rg1 Bc6 23. Bg3 Rb8 24. c3 f6 25. Bc2 Kf7 26. Bb3 Rhe8 27. Bf2 Kg7 28. Be3 Kf7 29. Rd2 Rg8 30. Rgd1 Rbe8 31. Rd6 Rh8 32. Bd5 Re7 33. Bf2 Ra8 34. Bb3 Rh8 35. Qc5 Rc8 36. Qb4 Qb7 37. a3 Rc7 38. R6d2 Rc8 39. Qd6 Rc7 40. Qb4 Rc8 41. Be3 Rh8 42. Bf2 Rc8 43. Bc5 Ree8 44. a4 Kg7 45. Be3 Rc7 46. a5 Qa8 47. Rg1 Kf7 48. Rgd1 Kg7 49. Bb6 Rb7 50. Rd6 Nf8 51. Qc5 Rbb8 52. Qe3 Rbc8 53. Qd2 Qb7 54. Be3 Ne6 55. Rg1 Kf7 56. Rd1 Kg7 57. Qg2 Kf7 58. h5 Rg8 59. Qh3 Rce8 60. hxg6+ Rxg6 61. Bc5 Qc8 62. Qh2 Rh8 63. Qd2 Kg7 64. Rxd7+ Bxd7 65. Qxd7+ Kh6 66. Be3+ Nf4 67. Bxf4+ exf4 68. Rh1+ Kg5 69. Qd5+ f5 70. Rxh8 Qxh8 71. Qxf5+ Kh6 72. Qxf4+ Kh7 73. Qh4+ Rh6 74. Qe7+ Qg7 75. Qxg7+ Kxg7 76. Bd5 Ra6 77. b4 Ra7 78. Kb2 Kf6 79. f4 Ke7 80. Bc6 Kd6 81. Bxb5 Rf7 82. f5 Rh7 83. Bc4 Rh3 84. Bd5 1-0